000 01068nam a2200253 a 4500
001 000041059
003 DO-SdBNP
005 20220512130203.0
007 ta
008 090701s2012 dr c 000 0 spa d
040 _aDO-SdBNP
_bspa
_cBNPHU
082 4 _a021.7
_bF356p
_222
111 2 _aFeria Internacional del Libro
_n(15ª :
_d2012 : 18-6 abril-mayo
_cSanto Domingo, República Dominicana)
_967550
245 1 0 _aXV Feria Internacional del Libro Santo Domingo 2012 :
_bprograma.
246 1 0 _aDecimoquinto Feria Internacional del Libro Santo Domingo, 2012
260 _aSanto Domingo :
_bDirección General de la Feria del Libro,
_c2012.
300 _a223 p. :
_bretr. ;
_c24 cm.
500 _aPaís invitado de honor: Centroamérica, dedicada a Enrriquillo Sánchez
500 _aLlenate de lectura
611 2 _aFeria internacional del libro
_n(15ª :
_d2012 :
_cSanto Domingo, República Dominicana)
_xProgramas
_967551
650 4 _aFeria del libro
_xProgramas
_y2012
_967552
650 4 _aFeria del libro
_zRepública Dominicana
_y2012
_967553
942 _2ddc
_cLBS1
999 _c40549
_d40549